Zhodnotenie možností využitia osobitnej úpravy dane One Stop Shop pre slovenské zdaniteľné osoby v rámci EU diplomová práca

Salvato in:
Dettagli Bibliografici
Autore principale: Dzinová, Dominika
Ente Autore: Fakulta hospodárskej informatiky EU. Katedra účtovníctva a audítorstva
Altri autori: Vašeková, Miroslava, 1978-
Natura: Libro
Lingua:slovacco
Pubblicazione: Bratislava 2025
Tags: Aggiungi Tag
Nessun Tag, puoi essere il primo ad aggiungerne!!

MARC

LEADER 00000nbm a2200000 4500
001 0310516
005 20251208121432.8
041 0 |a slo 
044 |a SK 
245 1 0 |a Zhodnotenie možností využitia osobitnej úpravy dane One Stop Shop pre slovenské zdaniteľné osoby v rámci EU  |b diplomová práca  |c Dominika Dzinová ; školiteľ: Miroslava Vašeková 
264 1 |a Bratislava  |c 2025 
300 |a 74 s. 
100 1 |a Dzinová, Dominika 
700 1 |a Vašeková, Miroslava, 1978- 
710 2 |a Fakulta hospodárskej informatiky EU. Katedra účtovníctva a audítorstva